000 00613nam a2200229Ia 4500
003 OSt
005 20220928102114.0
006 a|||||r|||| 00| 0
007 ta
008 220927b |||||||| |||| 00| 0 eng d
024 _a27306
037 _cTextual
040 _aSDCL
_cSDCL
_beng
041 _2eng
_aeng
082 _aV2y7M69, N4
100 _aMishra,Pankaj Rameshwar
_9396634
245 0 _aGandhiji ki vishav dristi.
260 _aDelhi
_bManak Publications
_c1994
300 _a143p
_ccm.
942 _hV2y7M69, N4
_cTEXL
_2CC
999 _c712381
_d712381